Delle guerre balcaniche della grande guerra e di alcuni fatti precedenti ad esse

Gespeichert in:
Bibliographische Detailangaben
1. Verfasser: Bosdari, Alessandro de (VerfasserIn)
Format: Buch
Sprache:Italienisch
Veröffentlicht: Milán A. Mondadori 1928
Schriftenreihe:Collezione italiana di diari, memorie, studi e documenti per servire alla storia della guerra del mondo
Schlagworte:
Tags: Tag hinzufügen
Keine Tags, Fügen Sie den ersten Tag hinzu!

MARC

LEADER 00000nam a2200000 a 4500
001 UCZ6099
003 CL-VaPUC
008 951201e19280000IT |||||||||||||||||ita|d
082 0 4 |a 949.6  |b BOS  |2 21 
100 0 |a Bosdari, Alessandro de  |e author  |9 350317 
245 1 0 |a Delle guerre balcaniche della grande guerra e di alcuni fatti precedenti ad esse 
300 |a 225 p 
942 |c BK 
945 |d 19951201 00:00:00  |a cmena 
260 |a Milán  |b A. Mondadori  |c 1928 
650 0 |a Guerra  |9 255876 
650 7 |a PENINSULAS  |2 CL-VaPUC  |9 350318 
650 0 |a Ciencias Políticas  |9 255201 
650 0 |a Comportamiento   |9 308406 
583 |a last modification  |c 19951201 00:00:00  |k Rodrigo Vera 
490 0 |a Collezione italiana di diari, memorie, studi e documenti per servire alla storia della guerra del mondo 
999 |c 242357  |d 242355 
952 |0 0  |1 0  |4 0  |6 949_600000000000000_BOS_1928  |7 0  |8 P  |9 255231  |a BIBEDU  |b BIBEDU  |c BIBEDU_PB  |d 2019-11-19  |i 1600966  |o 949.6 BOS 1928  |p 1600966  |r 2024-01-25  |w 2019-11-19  |y BK  |k FIL